书目信息 |
| 题名: |
魏晋南北朝文学作品选
|
|
| 作者: | 林俊荣 编 | |
| 分册: | ||
| 出版信息: | 长春 吉林人民出版社 1980.7 |
|
| 页数: | 271页 | |
| 开本: | 21cm | |
| 丛书名: | ||
| 单 册: | ||
| 中图分类: | I211 | |
| 科图分类: | ||
| 主题词: | 文学--作品综合集--中国 | |
| 电子资源: | ||
| ISBN: | ||
| 000 | 00565nam0 2200205 45 | |
| 001 | 0181013958 | |
| 005 | 20060803085021.65 | |
| 010 | @dCNY0.93 | |
| 091 | @a10091.758 | |
| 100 | @a20810111d km y0chiy0120 ea | |
| 101 | 0 | @achi |
| 105 | @a z 000zy | |
| 200 | 1 | @a魏晋南北朝文学作品选@AWei Jin Nan Bei Chao Wen Xue Zuo Pin Xuan@f林俊荣编@FLin Jun Rong Bian |
| 210 | @a长春@c吉林人民出版社@d1980.7 | |
| 215 | @a271页@d21cm | |
| 606 | 0 | @a文学@x作品综合集@y中国 |
| 690 | @aI211@v3 | |
| 701 | 0 | @a林俊荣@4编 |
| 801 | @aCN@bTSTC@c20060803 | |
| 905 | @dI211@e102 | |
| 魏晋南北朝文学作品选/林俊荣编.-长春:吉林人民出版社,1980.7 |
| 271页;21cm |
| ISBN :CNY0.93 |
| ● |
| 相关链接 |
|
|
|
|
正题名:魏晋南北朝文学作品选
索取号:I211/102
 
预约/预借
| 序号 | 登录号 | 条形码 | 馆藏地/架位号 | 状态 | 备注 |
| 1 | 0032201 | 001776402 | 密集书库/ [索取号:I211/102] | 在馆 | |
| 2 | 0105310 | 000223715 | 第二借阅区/ [索取号:I211/102] | 在馆 | |
| 3 | 0105311 | 001610340 | 密集书库/ [索取号:I211/102] | 在馆 | |
| 4 | 0105312 | 001610386 | 密集书库/ [索取号:I211/102] | 在馆 | |
| 5 | 0105313 | 000223724 | 第二借阅区/ [索取号:I211/102] | 在馆 | |
| 6 | 0105314 | 000224616 | 第一样本阅览室/ [索取号:I211/102] | 在馆 | |
| 7 | 0443694 | 204436949 | 密集书库/ [索取号:I211/102] | 在馆 |